| 000 | 00356nam a22001457a 4500 | ||
|---|---|---|---|
| 999 |
_c9321 _d9321 |
||
| 003 | OSt | ||
| 008 | 201120b ||||| |||| 00| 0 eng d | ||
| 100 | _aAhuja, Girish and Gupta, Ravi | ||
| 245 | _aSystematic Approach to Income Tax | ||
| 250 | _a42th ed | ||
| 260 |
_aNew Delhi _bWalters kluwer _c2020 |
||
| 300 | _a838 | ||
| 650 | _aB.Com | ||
| 942 |
_2ddc _cBK |
||